[Event "Rilton Cup"]
[Site "Stockholm"]
[Date "1987.??.??"]
[Round "?"]
[White "Sokolov, Ivan"]
[Black "Ostergaard, Dan"]
[Result "1-0"]
[WhiteElo "2525"]
[BlackElo "2345"]

1.c4 g6 2.Nc3 Bg7 3.d4 Nf6 4.e4 d6 5.Nf3 O-O 6.Be2 e5 7.Be3 Nc6 8.d5 Ne7
9.Nd2 Ne8 10.f3 c6 11.b4 f5 12.O-O cxd5 13.cxd5 f4 14.Bf2 g5 15.Nc4 Rf6 16.Nb5 b6
17.a4 h5 18.a5 Bd7 19.Nxa7 Rxa7 20.Nxb6 Rg6 21.a6 g4 22.Nxd7 Qxd7 23.Qa4 g3
24.hxg3 fxg3 25.Be3 Bh6 26.Bxh6 Rxh6 27.Qxd7 Rxd7 28.Rfc1 Rd8 29.a7 Ra8 30.b5 Rh7
31.b6 Ng6 32.Bb5 Nf4 33.Bc6  1-0

[Event "URS-FL"]
[Site "Sverdlovsk"]
[Date "1987.??.??"]
[Round "?"]
[White "Kharitonov, Andrei Y"]
[Black "Timoshchenko, Gennadi A"]
[Result "1-0"]
[WhiteElo "2450"]
[BlackElo "2490"]

1.c4 Nf6 2.Nc3 g6 3.e4 d6 4.d4 Bg7 5.Nf3 O-O 6.Be2 e5 7.Be3 Ng4 8.Bg5 f6
9.Bc1 Nc6 10.O-O Nh6 11.d5 Ne7 12.b4 f5 13.a4 Nf7 14.a5 Kh8 15.Nd2 Ng8 16.c5 Nf6
17.f3 f4 18.Nc4 h5 19.Ba3 g5 20.b5 b6 21.axb6 axb6 22.cxb6 cxb6 23.Bb4 Rb8
24.Ra7 Bb7 25.Qe1 g4 26.Qf2 gxf3 27.gxf3 Rg8 28.Kh1 Bf8 29.Qxb6 Qc8 30.Qf2 Be7
31.Raa1 Ng5 32.Rg1 Qd7 33.Bf1 Nf7 34.Ra2 Ng5 35.Ra1 Rg7 36.Bg2 Rbg8 37.Na5 Bc8
38.Nc6 Bf8 39.Qh4 Rh7 40.Nxe5 dxe5 41.Bxf8 Ngxe4 42.Nxe4 Nxe4 43.fxe4 Rxf8  1-0

[Event "URS-FL"]
[Site "Sverdlovsk"]
[Date "1987.??.??"]
[Round "?"]
[White "Huzman, Alexander"]
[Black "Yermolinsky, Alex"]
[Result "1/2-1/2"]
[WhiteElo "2500"]
[BlackElo "2445"]

1.d4 Nf6 2.Nf3 g6 3.c4 Bg7 4.Nc3 O-O 5.e4 d6 6.Be2 e5 7.O-O Nbd7 8.Be3 a5
9.dxe5 dxe5 10.Nd2 b6 11.Qc2 Ba6 12.Rfd1 Qe7 13.Nb3 c6 14.Rd2 Rfc8 15.Rad1 Bf8
16.a3 b5 17.Nxa5 b4 18.Na4 bxa3 19.bxa3 Qxa3 20.Rxd7 Nxd7 21.Rxd7 Rd8 22.Rxd8 Rxd8
23.h3 Rb8 24.Kh2 Qa1 25.Bd1 h5 26.Bd2 Rd8 27.Nxc6 Rd6 28.Na5 Qd4 29.Nb3 Qxc4
30.Nac5  1/2-1/2

[Event "BCF-ch"]
[Site "Swansea"]
[Date "1987.??.??"]
[Round "?"]
[White "Rossiter, Philip J"]
[Black "Gallagher, Joseph G"]
[Result "0-1"]
[WhiteElo "2220"]
[BlackElo "2405"]

1.d4 Nf6 2.Nf3 g6 3.c4 Bg7 4.Nc3 O-O 5.e4 d6 6.Be2 e5 7.d5 a5 8.Bg5 h6 9.Bh4 Na6
10.Nd2 Qe8 11.a3 Bd7 12.b3 Nh7 13.f3 h5 14.Rb1 Bh6 15.Bf2 Qe7 16.b4 axb4
17.axb4 h4 18.Qc2 Qg5 19.Rg1 c6 20.c5 Nf6 21.dxc6 bxc6 22.Nc4 dxc5 23.bxc5 Rfe8
24.g3 hxg3 25.hxg3 Bf8 26.Na4 Nc7 27.Nab6 Rad8 28.Be3 Qh5 29.Kf2 Qh2+ 30.Rg2 Qh3
31.Nd6 Bxd6 32.cxd6 Ne6 33.Nxd7 Rxd7 34.Qxc6 Red8 35.Rgg1 Nh5 36.Bb6 Rxd6
37.Qb5 Rb8 38.Qa5 Ng5 39.Qxe5 Qh2+ 40.Kf1 Rdxb6 41.Rxb6 Rxb6  0-1

[Event "BCF-ch"]
[Site "Swansea"]
[Date "1987.??.??"]
[Round "?"]
[White "Rogers, Ian"]
[Black "Hennigan, Michael"]
[Result "1-0"]
[WhiteElo "2535"]
[BlackElo "2320"]

1.e4 g6 2.d4 Bg7 3.c4 d6 4.Nc3 Nf6 5.Be2 O-O 6.Nf3 e5 7.Be3 Nc6 8.d5 Ne7
9.Nd2 Nd7 10.b4 f5 11.f3 Nf6 12.c5 Kh8 13.cxd6 cxd6 14.Rc1 Ne8 15.O-O Ng8
16.exf5 gxf5 17.Nc4 Ngf6 18.f4 e4 19.h3 b6 20.a4 Nc7 21.Bd4 Bb7 22.Ne3 Qd7
23.Qb3 Rg8 24.Rfd1 Qf7 25.Nxf5 Ncxd5 26.Nxd6 Qd7 27.Be5 Raf8 28.Nxd5 Nxd5
29.Bg4 Qe7 30.Rxd5 Bxe5 31.fxe5 Bxd5 32.Qxd5 h5 33.e6 hxg4 34.Nf7+ Kg7 35.Rc7  1-0

[Event "BCF-ch"]
[Site "Swansea"]
[Date "1987.??.??"]
[Round "?"]
[White "Rossiter, Philip J"]
[Black "Lawton, Geoffrey W"]
[Result "1-0"]
[WhiteElo "2220"]
[BlackElo "2375"]

1.d4 Nf6 2.Nf3 g6 3.c4 Bg7 4.Nc3 O-O 5.e4 d6 6.Be2 e5 7.d5 a5 8.Bg5 h6 9.Bh4 Na6
10.Nd2 Qe8 11.Rb1 Bd7 12.b3 Nh7 13.f3 h5 14.a3 Bh6 15.Bf2 Qe7 16.b4 axb4
17.axb4 h4 18.Qc2 Bf4 19.Nf1 f5 20.Bd3 Ng5 21.Qe2 Qh7 22.c5 Nb8 23.h3 Qe7
24.Ne3 Bg3 25.Bxg3 hxg3 26.h4 Qh7 27.Kd2 Nf7 28.exf5 gxf5 29.Qe1 Kh8 30.Qxg3 Qh6
31.Qf2 e4 32.fxe4 fxe4 33.Be2 Na6 34.Nxe4 Ne5 35.Qg3 Qh7 36.Ng5 Qg7 37.Ne4 Ng6
38.Nc2 Bf5 39.h5 Ne5 40.Qxg7+ Kxg7 41.Rh4 dxc5 42.bxc5 Rad8 43.Ne3 Nxc5 44.Nxf5+ Rxf5
45.Nxc5 Rxd5+ 46.Nd3 Nxd3 47.h6+ Kh8 48.Bxd3 Rf2+ 49.Ke3 Rxg2 50.Be4 Re5
51.Kf4 Rgg5 52.Rd1 Ra5 53.h7  1-0

[Event "BCF-ch"]
[Site "Swansea"]
[Date "1987.??.??"]
[Round "?"]
[White "Rogers, Ian"]
[Black "McDonald, Neil R"]
[Result "1-0"]
[WhiteElo "2535"]
[BlackElo "2400"]

1.d4 Nf6 2.c4 g6 3.Nc3 Bg7 4.e4 d6 5.Be2 O-O 6.Nf3 e5 7.Be3 Nc6 8.d5 Ne7
9.Nd2 Nd7 10.b4 f5 11.f3 Nf6 12.c5 Nh5 13.cxd6 cxd6 14.O-O Nf4 15.Re1 h5
16.Nc4 h4 17.Bf1 g5 18.Nb5 h3 19.g3 fxe4 20.fxe4 Ng2 21.Bxg2 hxg2 22.Qh5 Qd7
23.Nbxd6 b5 24.Nxc8 Raxc8 25.Nd2 Rc2 26.Nf3 Nxd5 27.exd5 Qxd5 28.Rac1 Rxc1
29.Rxc1 Rxf3 30.Rc8+ Rf8 31.Rxf8+ Kxf8 32.Qe2 a6 33.Bxg5 e4 34.Be3 Qc4 35.Qxc4 bxc4
36.Kxg2 c3 37.Kf2 Ke7 38.Ke2 Kd6 39.h4 Kd5 40.h5 Kc4 41.h6 Be5 42.g4 Kd5
43.g5 Ke6 44.g6 Kf6 45.g7 Kf7 46.a4 Bd6 47.b5 axb5 48.axb5  1-0

[Event "URS Army-ch"]
[Site "Tashkent"]
[Date "1987.??.??"]
[Round "?"]
[White "Huzman, Alexander"]
[Black "Yurtaev, Leonid"]
[Result "1/2-1/2"]
[WhiteElo "2435"]
[BlackElo "2460"]

1.d4 Nf6 2.c4 g6 3.Nc3 Bg7 4.e4 d6 5.Nf3 O-O 6.Be2 e5 7.O-O exd4 8.Nxd4 Re8
9.f3 c6 10.Kh1 Nbd7 11.Nc2 Nb6 12.Bg5 h6 13.Bh4 Be6 14.b3 Nxe4 15.Bxd8 Nxc3
16.Qd2 Raxd8 17.Rae1 c5 18.Ne3 d5 19.cxd5 Nbxd5 20.Nxd5 Rxd5 21.Qc1 b5 22.f4 Rdd8
23.Qa3 Nxe2 24.Rxe2 c4 25.bxc4  1/2-1/2

[Event "Tashkent"]
[Site "Tashkent"]
[Date "1987.??.??"]
[Round "?"]
[White "Kuzmin, Gennadi P"]
[Black "Epishin, Vladimir"]
[Result "1-0"]
[WhiteElo "2470"]
[BlackElo "2430"]

1.Nf3 Nf6 2.d4 g6 3.c4 Bg7 4.Nc3 O-O 5.e4 d6 6.Be2 e5 7.d5 Nbd7 8.Be3 a5
9.Nd2 Ne8 10.g4 Nc5 11.Nb3 b6 12.h4 f5 13.gxf5 gxf5 14.exf5 Bxf5 15.Nxc5 dxc5
16.Bd3 Qd7 17.Ne4 Nd6 18.Qc2 Bxe4 19.Bxe4 Nxe4 20.Qxe4 Qf5 21.Qxf5 Rxf5 22.O-O-O Rd8
23.h5 Kf7 24.Kc2 e4 25.Rdg1 Bf6 26.Rg4 Re8 27.Kb3 Ree5 28.h6 Bg5 29.Ka4 Kf6
30.Kb5 Re7 31.Kc6 Bxe3 32.fxe3 Ke5 33.Rg7 Rf6+ 34.Kb7 Rff7 35.Rxf7 Rxf7 36.Kc6 Rf3
37.Kxc7 Rxe3 38.d6 Rd3 39.d7  1-0

[Event "Tashkent"]
[Site "Tashkent"]
[Date "1987.??.??"]
[Round "?"]
[White "Naumkin, Igor"]
[Black "Kuzmin, Alexey"]
[Result "1-0"]
[WhiteElo "2470"]
[BlackElo "2415"]

1.d4 Nf6 2.c4 g6 3.Nc3 Bg7 4.e4 d6 5.Nf3 O-O 6.Be2 e5 7.d5 a5 8.Bg5 h6 9.Bh4 Na6
10.Nd2 Qe8 11.O-O Nh7 12.a3 Bd7 13.b3 h5 14.f3 Bh6 15.Kh1 Be3 16.Rb1 f5 17.exf5 gxf5
18.f4 exf4 19.Bxh5 Qe5 20.Ne2 Nf6 21.Nf3 Qe7 22.Nfg1 Qh7 23.Bxf6 Rxf6 24.Nxf4 Nc5
25.Ngh3 Ne4 26.Rb2 Raf8 27.g3 Qg7 28.Rg2 Kh8 29.Re1 Bb6 30.g4 fxg4 31.Rxe4 Qh7
32.Ng5 Qxh5 33.Nxh5 Rf1+ 34.Rg1 Bxg1 35.Re1  1-0

[Event "Tashkent"]
[Site "Tashkent"]
[Date "1987.??.??"]
[Round "?"]
[White "Naumkin, Igor"]
[Black "Saltaev, Mihail"]
[Result "0-1"]
[WhiteElo "2470"]
[BlackElo "2345"]

1.d4 Nf6 2.c4 d6 3.Nc3 Nbd7 4.Nf3 g6 5.e4 e5 6.Be2 Bg7 7.O-O O-O 8.Be3 Ng4
9.Bg5 f6 10.Bd2 Nh6 11.Qc1 Nf7 12.Rd1 c6 13.Be3 Qe7 14.b4 f5 15.exf5 gxf5
16.c5 dxc5 17.dxc5 f4 18.Bd2 e4 19.Ne1 a5 20.b5 Qe5 21.Qa3 Qxc5 22.Qb3 Qf5
23.bxc6 bxc6 24.Rac1 Ne5 25.Bf1 Be6 26.Qc2 Nd6 27.Ne2 Nd3 28.Rb1 Bd5 29.Bc3 Ne5
30.Nd4 Qf7 31.Ba1 Rac8 32.Qc5 Ndc4 33.Rbc1 f3 34.Bxc4 Bxc4 35.Qxa5 fxg2 36.Qd2 Bh6
37.Qc2 Bd3 38.Qb2 Ng4 39.Nxc6 Qxf2+ 40.Qxf2 Rxf2 41.Nxd3 exd3 42.Rxd3 Bxc1
43.Ne7+ Kf8 44.Nxc8 Bf4 45.Rd8+ Kf7 46.Rd7+ Ke6 47.Re7+ Kd5 48.Rxh7 Be3 49.Rd7+ Kc6
50.Rd6+ Kc7 51.Bd4 Re2+ 52.Bxe3 Nxe3 53.Rg6 Kxc8 54.h4 Rxa2  0-1

[Event "Trnava"]
[Site "Trnava"]
[Date "1987.??.??"]
[Round "?"]
[White "Robatsch, Karl"]
[Black "Lanc, Alois"]
[Result "1/2-1/2"]
[WhiteElo "2400"]
[BlackElo "2495"]

1.Nf3 Nf6 2.c4 g6 3.Nc3 d6 4.d4 Nbd7 5.e4 e5 6.Be2 Bg7 7.O-O O-O 8.Re1 Re8
9.Bf1 c6 10.d5 c5 11.Rb1 Rf8 12.Na4 a5 13.a3 Ne8 14.Bg5 Bf6 15.Bh6 Ng7 16.Qd2 Be7
17.Ng5 Nf6 18.Be2 Kh8 19.Nc3 Ng8 20.Bxg7+ Kxg7 21.Nf3 a4 22.Qc2 Qa5 23.Nd2  1/2-1/2

[Event "Tirnavia-B"]
[Site "Trnava"]
[Date "1987.??.??"]
[Round "8"]
[White "Szymczak, Zbigniew"]
[Black "Lanka, Zigurds"]
[Result "1/2-1/2"]
[WhiteElo "2390"]
[BlackElo "2375"]

1.d4 Nf6 2.c4 g6 3.Nc3 Bg7 4.e4 d6 5.Nf3 O-O 6.Be2 e5 7.dxe5 dxe5 8.Qxd8 Rxd8
9.Bg5 Rf8 10.Nd5 Nxd5 11.cxd5 c6 12.Bc4 b5 13.Bb3 Bb7 14.dxc6 Bxc6 15.Nd2 Nd7
16.Rc1 Rfc8 17.Ke2 Bb7 18.Be3 a5  1/2-1/2

[Event "Tirnavia-B"]
[Site "Trnava"]
[Date "1987.??.??"]
[Round "12"]
[White "Szymczak, Zbigniew"]
[Black "Karlik, Vladimir"]
[Result "1-0"]
[WhiteElo "2390"]
[BlackElo "2320"]

1.d4 Nf6 2.c4 g6 3.Nc3 Bg7 4.e4 d6 5.Nf3 O-O 6.Be2 e5 7.Be3 Qe7 8.d5 Ng4
9.Bg5 f6 10.Bh4 h5 11.Nd2 a5 12.h3 Nh6 13.f3 Na6 14.Rb1 Nf7 15.a3 Bh6 16.Bf2 f5
17.h4 Nc5 18.b4 axb4 19.axb4 fxe4 20.Ndxe4 Nxe4 21.Nxe4 Bf5 22.Qc2 Ra3 23.Bd3 Rfa8
24.O-O Kh8 25.Rfd1 g5 26.hxg5 Bxe4 27.gxh6 Rxd3 28.Rxd3 Bh7 29.Qd2 Rg8 30.Rdb3 Bxb1
31.Rxb1 Qf6 32.Be3 h4 33.Rf1 Qg6 34.c5 h3 35.g4 e4 36.Qd4+ Ne5 37.Bf4 exf3
38.Bxe5+ dxe5 39.Qxe5+ Kh7 40.Qxc7+ Kxh6 41.Qf4+ Kh7 42.Qxf3 Qxg4+ 43.Qxg4 Rxg4+
44.Kh2 Rxb4 45.Rd1 Rf4 46.d6 Rf8 47.Rb1 Kg6 48.Rxb7 Kf6 49.Kxh3 Ke6 50.Rc7 Rf1
51.d7 Rf8 52.c6  1-0

[Event "Uzhgorod"]
[Site "Uzhgorod"]
[Date "1987.??.??"]
[Round "?"]
[White "Shneider, Aleksandr"]
[Black "Epishin, Vladimir"]
[Result "1/2-1/2"]
[WhiteElo "2470"]
[BlackElo "2400"]

1.Nf3 Nf6 2.c4 g6 3.Nc3 Bg7 4.e4 O-O 5.d4 d6 6.Be2 e5 7.O-O exd4 8.Nxd4 Re8
9.f3 c6 10.Kh1 Nh5 11.g4 Nf6 12.Bf4 h5 13.g5 Nh7 14.Qd2 Nd7 15.Be3 f6 16.gxf6 Qxf6
17.Rg1 Ne5 18.Raf1 Bh3 19.Rf2 Rf8 20.Rg3 Qh4 21.f4 Ng4 22.Bxg4 Bxg4 23.f5 gxf5
24.Nxf5 Bxf5 25.exf5  1/2-1/2

[Event "Uzhgorod"]
[Site "Uzhgorod"]
[Date "1987.??.??"]
[Round "?"]
[White "Huzman, Alexander"]
[Black "Epishin, Vladimir"]
[Result "1/2-1/2"]
[WhiteElo "2435"]
[BlackElo "2400"]

1.Nf3 Nf6 2.c4 g6 3.Nc3 Bg7 4.e4 O-O 5.d4 d6 6.Be2 e5 7.O-O exd4 8.Nxd4 Re8
9.f3 c6 10.Nc2 Na6 11.Kh1 Nc7 12.Bf4 d5 13.cxd5 cxd5 14.Bxc7 Qxc7 15.exd5 Qf4
16.g3 Qh6 17.Rf2 Nh5 18.Kg1 Qg5 19.f4 Qf6 20.f5 Re5 21.Bxh5 gxh5 22.Nd4 Re3
23.Nc2 Re5 24.Nd4 Re3 25.Nc2 Re5  1/2-1/2

[Event "Voronez"]
[Site "Voronez"]
[Date "1987.??.??"]
[Round "?"]
[White "Smagin, Sergey"]
[Black "Kochyev, Alexander"]
[Result "1-0"]
[WhiteElo "2555"]
[BlackElo "2450"]

1.d4 Nf6 2.c4 g6 3.Nc3 Bg7 4.e4 d6 5.Nf3 O-O 6.Be2 e5 7.O-O Nbd7 8.Qc2 c6
9.Rd1 Qe7 10.d5 c5 11.Bg5 h6 12.Bh4 g5 13.Bg3 Nh5 14.Nd2 Nf4 15.Nf1 Nf6 16.Ne3 Nxe4
17.Nxe4 f5 18.Nc3 Nxe2+ 19.Qxe2 f4 20.Nf1 fxg3 21.Nxg3 Bd7 22.Nge4 Bf5 23.a3 Bg6
24.b4 b6 25.Rd2 h5 26.Rb1 g4 27.bxc5 bxc5 28.Rdb2 Rad8 29.Qe3 Rd7 30.h3 Qf7
31.hxg4 hxg4 32.Rb8 Qf4 33.Qe1 Rf7 34.R1b7 Rxb7 35.Rxb7 Bh6 36.g3 Qf3 37.Nxd6 e4
38.Ncxe4 Qxa3 39.Nd2 Rf6 40.N6e4 Rf8 41.Nd6 Rf6 42.Rb8+ Bf8 43.N2e4  1-0

[Event "Vrsac"]
[Site "Vrsac"]
[Date "1987.??.??"]
[Round "?"]
[White "Georgiev, Kiril"]
[Black "Damljanovic, Branko"]
[Result "1-0"]
[WhiteElo "2605"]
[BlackElo "2500"]

1.d4 Nf6 2.c4 g6 3.Nc3 Bg7 4.e4 d6 5.Nf3 O-O 6.Be2 e5 7.Be3 Ng4 8.Bg5 f6
9.Bh4 Nc6 10.d5 Ne7 11.Nd2 Nh6 12.O-O c5 13.f3 g5 14.Bf2 f5 15.a3 g4 16.fxg4 Nxg4
17.Bxg4 fxg4 18.b4 b6 19.Bh4 Rxf1+ 20.Nxf1 Qf8 21.Bxe7 Qxe7 22.bxc5 bxc5
23.Rb1 h5 24.Ng3 h4 25.Nf5 Bxf5 26.exf5 Qg5 27.Nb5 e4 28.Qe2 e3 29.Rf1 Rb8
30.Nxd6 Rb2 31.Ne4 Qh6 32.Qd3 e2 33.Re1 Bd4+ 34.Kh1 Qf4 35.d6 Kf8 36.d7 Ke7
37.Nxc5 Rd2 38.d8=Q+  1-0

[Event "Hoogovens-B"]
[Site "Wijk aan Zee"]
[Date "1987.??.??"]
[Round "?"]
[White "Rogers, Ian"]
[Black "Piket, Jeroen"]
[Result "0-1"]
[WhiteElo "2525"]
[BlackElo "2405"]

1.d4 Nf6 2.c4 g6 3.Nc3 d6 4.e4 Bg7 5.Be2 O-O 6.Nf3 e5 7.d5 a5 8.Bg5 h6 9.Bh4 Na6
10.Nd2 Qe8 11.a3 Bd7 12.b3 Nh7 13.Rb1 f5 14.f3 Bf6 15.Bf2 b6 16.b4 Qe7 17.Qc2 h5
18.Bd3 Bh4 19.g3 Bg5 20.Ne2 axb4 21.axb4 Bxd2+ 22.Qxd2 Ng5 23.Ng1 fxe4 24.fxe4 Qf6
25.h3 c5 26.dxc6 Bxc6 27.Qe2 Nxb4 28.Rxb4 Bxe4 29.Rh2 Ra1+ 30.Rb1 Rxb1+ 31.Bxb1 Bxb1
32.h4 Ne4 33.Nh3 Qf3 34.Qxf3 Rxf3 35.Bxb6 Bd3 36.Nf2 Nxg3 37.c5 dxc5 38.Bxc5 Bf5
39.Rg2 Kf7 40.Kd2 Ke6 41.Rg1 Rb3 42.Be3 Rb2+ 43.Kc3 Rc2+ 44.Kb3 Ne2  0-1

[Event "Hoogovens-B"]
[Site "Wijk aan Zee"]
[Date "1987.??.??"]
[Round "?"]
[White "Winants, Luc"]
[Black "Watson, William N"]
[Result "1/2-1/2"]
[WhiteElo "2415"]
[BlackElo "2500"]

1.d4 Nf6 2.c4 g6 3.Nc3 Bg7 4.e4 d6 5.Be2 O-O 6.Nf3 e5 7.O-O c6 8.d5 a5 9.Bg5 h6
10.Bh4 Na6 11.Nd2 c5 12.a3 Qb6 13.Nb5 Bd7 14.Qc2 Nc7 15.Nc3 Na6 16.Rab1 Nh7
17.Nb5 Rae8 18.f3 Bf6 19.Bf2 Bc8 20.b4 axb4 21.axb4 Qd8 22.bxc5 Nxc5 23.Nb3 b6
24.Nc1 Re7 25.Nd3 Rd7 26.Nb4 Bh4 27.g3 Bg5 28.Nc6 Qe8 29.Bd3 Kg7 30.f4 Bf6
31.Be3 Bb7 32.fxe5 Bxe5 33.Nxe5 dxe5 34.Nc3 Qd8 35.Be2 Nf6 36.Rb2 Bc8 37.Qd2 Nfxe4
38.Bxh6+ Kh7 39.Nxe4 Nxe4 40.Qe3 Re8 41.Qxe4 Kxh6 42.Qe3+ Kg7 43.Rxb6 Rb7
44.Rxb7 Bxb7 45.Rd1 f5 46.c5 f4 47.Qc3 Kh7 48.d6 Qd7 49.gxf4 Qc6 50.Qh3+ Kg7
51.d7 Qxc5+ 52.Kf1 Rd8 53.Qh4 Qf8 54.Bb5 Qb4 55.Be2 Qf8 56.Qg5 Qxf4+ 57.Qxf4 exf4
58.Bb5 Be4 59.Re1 Bf5 60.Re8 Bxd7 61.Rxd8 Bxb5+ 62.Kf2 Bc6 63.h4 Bh1 64.Rd4 f3
65.Kg3 Bg2 66.Rf4 Kh6 67.Kg4 Bh1 68.Rf7 Bg2 69.Rf6 Bh1 70.Rf7 Bg2 71.Kg3 Bh1
72.Rf4 Bg2 73.Rg4 Bh1 74.Rg5  1/2-1/2

[Event "Zenica"]
[Site "Zenica"]
[Date "1987.??.??"]
[Round "?"]
[White "Cebalo, Miso"]
[Black "Terzic, Safet"]
[Result "1-0"]
[WhiteElo "2480"]
[BlackElo "2345"]

1.d4 Nf6 2.Nf3 g6 3.c4 Bg7 4.Nc3 d6 5.e4 O-O 6.Be2 e5 7.O-O Nbd7 8.Qc2 c6
9.d5 a5 10.b3 Qe7 11.dxc6 bxc6 12.Ba3 Nc5 13.Rad1 Bg4 14.Ne1 Bxe2 15.Qxe2 Rfd8
16.Bxc5 dxc5 17.Nc2 Bh6 18.Na4 Nh5 19.g3 Ng7 20.Rxd8+ Rxd8 21.Rd1 Ne6 22.h4 Re8
23.Nb2 Nd4 24.Nxd4 cxd4 25.Nd3 f5 26.Re1 Qf6 27.Kg2 Bf8 28.c5 Bg7 29.Qf3 Qe6
30.h5 Rf8 31.hxg6 hxg6 32.Qe2 f4 33.Qf3 g5 34.g4 a4 35.bxa4 Qxa2 36.Rh1 Qe6
37.a5 Ra8 38.Ra1 Qc4 39.Qd1 Bf6 40.Qb1 Qa6 41.Ra3 Kg7 42.Kf3 Be7 43.Qb6 Bd8
44.Qxa6 Rxa6 45.Nxe5 Bc7 46.Nc4 Kf6 47.Ke2  1-0

[Event "Zuerich op"]
[Site "Zuerich"]
[Date "1987.??.??"]
[Round "5"]
[White "Titz, Heimo"]
[Black "Boschetti, Claudio"]
[Result "1-0"]
[WhiteElo "2290"]
[BlackElo "2245"]

1.c4 Nf6 2.Nf3 g6 3.Nc3 Bg7 4.e4 d6 5.d4 O-O 6.Be2 e5 7.Be3 Nc6 8.d5 Ne7
9.Nd2 c5 10.dxc6 Nxc6 11.Nb3 Be6 12.O-O Qd7 13.Qd2 Ng4 14.Bxg4 Bxg4 15.Rac1 Be6
16.Nb5 Rfd8 17.Rfd1 Bf8 18.Bg5 a6 19.Bxd8 axb5 20.Bb6 Bxc4 21.Ra1 f5 22.f3 fxe4
23.Nc5 Qg7 24.Nxe4 Ra6 25.Bf2 Nd8 26.b3 Bf7 27.Ng5 Be8 28.Rac1 Bc6 29.Bc5 d5
30.Bxf8 Qxf8 31.Re1 h6 32.Nh3 Qg7 33.Nf2 Nf7 34.Nd3 Qf6 35.Re2 Ra8 36.Rce1 Re8
37.Qc3 d4 38.Qc5 Qg5 39.f4 Qf5 40.Nxe5 d3 41.Rf2 g5 42.Qc3 gxf4 43.Nxd3 Rxe1+
44.Nxe1 Ng5 45.Qd2 f3 46.h4 Ne4 47.Qd8+ Kg7 48.Qe7+ Kg6 49.Rxf3 Qd5 50.Nd3 Qd4+
51.Kh2 Kh5 52.Nf4+ Kg4 53.Qe6+ Kxh4 54.Qh3+  1-0

[Event "Wch U20"]
[Site "Adelaide"]
[Date "1988.??.??"]
[Round "12"]
[White "Lautier, Joel"]
[Black "Schlosser, Michael"]
[Result "1-0"]
[WhiteElo "2365"]
[BlackElo "2380"]

1.d4 Nf6 2.c4 g6 3.Nc3 Bg7 4.e4 d6 5.Nf3 O-O 6.Be2 e5 7.O-O exd4 8.Nxd4 Re8
9.f3 c6 10.Kh1 Nbd7 11.Bg5 Qa5 12.Be3 Ne5 13.Qd2 a6 14.Rad1 Be6 15.Nxe6 Rxe6
16.a3 b5 17.c5 dxc5 18.Bxc5 Ned7 19.Bg1 Qc7 20.Qc2 Rae8 21.Rfe1 h5 22.Bf1 Bh6
23.Bf2 Bg5 24.g3 Bh6 25.Bh3 Rd6 26.Rxd6 Qxd6 27.f4 Ng4 28.Bg1 Qe6 29.Bg2 h4
30.Bf3 hxg3 31.hxg3 Bf8 32.e5 g5 33.Qe2 Nh6 34.Ne4 Nf5 35.Qh2 gxf4 36.gxf4 Qh6
37.Rd1 Qxh2+ 38.Bxh2  1-0

[Event "OHRA-B"]
[Site "Amsterdam"]
[Date "1988.??.??"]
[Round "?"]
[White "Karolyi, Tibor Jr"]
[Black "Bosboom, Manuel"]
[Result "0-1"]
[WhiteElo "2450"]
[BlackElo "2385"]

1.d4 Nf6 2.c4 g6 3.Nc3 Bg7 4.e4 d6 5.Nf3 O-O 6.Be2 e5 7.O-O Nbd7 8.Re1 c6
9.Bf1 exd4 10.Nxd4 Ng4 11.Qxg4 Bxd4 12.Qd1 Qf6 13.Be3 Bxe3 14.Rxe3 Ne5 15.Qd2 Be6
16.b3 Rad8 17.Rg3 Qh4 18.f4 Ng4 19.Rh3 Qe7 20.Rd3 f5 21.Re1 Qc7 22.h3 Nf6
23.e5 dxe5 24.Rxe5 Bf7 25.Qe3 Rxd3 26.Bxd3 Rd8 27.c5 Qa5 28.Na4 Nd5 29.Qf2 Nxf4
30.Bxf5 Rd1+ 31.Kh2 Nh5 32.Re7 Rd2 33.Qf3 Qd8 34.Rxb7 Qd4 35.Bg4 Qe5+ 36.Kg1 Qd4+
37.Kh2 Qe5+ 38.Kg1 Bd5 39.Be6+ Bxe6 40.Qxc6 Rd8 41.Qf3 Bd5 42.Qd1  0-1

[Event "OHRA-B"]
[Site "Amsterdam"]
[Date "1988.??.??"]
[Round "?"]
[White "Ftacnik, Lubomir"]
[Black "Visser, Yge"]
[Result "0-1"]
[WhiteElo "2590"]
[BlackElo "2320"]

1.d4 Nf6 2.c4 g6 3.Nc3 Bg7 4.e4 d6 5.Nf3 O-O 6.Be2 c6 7.O-O e5 8.Rb1 exd4
9.Nxd4 Re8 10.f3 d5 11.exd5 cxd5 12.c5 Nc6 13.Ncb5 Nxd4 14.Nxd4 Nd7 15.Bb5 Qa5
16.Kh1 Qb4 17.c6 bxc6 18.Bxc6 Ba6 19.Bxd7 Bxf1 20.Bxe8 Rxe8 21.Be3 Be2 22.Nxe2 Rxe3
23.b3 d4 24.Nf4 Qd6 25.Nd3 Be5 26.g3 Bxg3 27.Rb2 Qa6 28.Rd2 Re1+  0-1

[Event "OHRA-B"]
[Site "Amsterdam"]
[Date "1988.??.??"]
[Round "?"]
[White "Vanheste, Jeroen"]
[Black "Piket, Jeroen"]
[Result "0-1"]
[WhiteElo "2390"]
[BlackElo "2495"]

1.d4 Nf6 2.c4 g6 3.Nc3 Bg7 4.e4 d6 5.Nf3 O-O 6.Be2 e5 7.Be3 Nbd7 8.d5 Ng4
9.Bg5 f6 10.Bh4 Nh6 11.Nd2 g5 12.Bg3 f5 13.exf5 Nf6 14.Nde4 Nxe4 15.Nxe4 Bxf5
16.Bd3 g4 17.O-O Bxe4 18.Bxe4 Qg5 19.Qc1 Qh5 20.c5 Rf7 21.cxd6 cxd6 22.Qc2 Bf6
23.Rad1 Raf8 24.Qa4 Nf5 25.Qxa7 Nd4 26.Qb6 Bd8  0-1

[Event "OHRA-B"]
[Site "Amsterdam"]
[Date "1988.??.??"]
[Round "?"]
[White "Ree, Hans"]
[Black "Bosboom, Manuel"]
[Result "0-1"]
[WhiteElo "2480"]
[BlackElo "2385"]

1.Nf3 Nf6 2.c4 g6 3.Nc3 Bg7 4.d4 O-O 5.e4 d6 6.Be2 e5 7.d5 Nbd7 8.Bg5 h6
9.Bh4 a6 10.Nd2 Qe8 11.O-O Nh7 12.b4 h5 13.f3 Bh6 14.Nb3 f5 15.exf5 gxf5
16.c5 Ndf6 17.Na5 Kh8 18.Nc4 Rg8 19.cxd6 b5 20.d7 Bxd7 21.Na5 Qg6 22.g3 Bg5
23.Bxg5 Nxg5 24.Bd3 Qh6 25.Qe1 Rae8 26.Nc6 h4 27.g4 fxg4 28.fxg4 Bxg4 29.Rxf6 Nh3+
30.Kh1 Qxf6  0-1

[Event "EU-ch U20"]
[Site "Arnhem"]
[Date "1988.??.??"]
[Round "2"]
[White "Van Wely, Loek"]
[Black "Gelfand, Boris"]
[Result "0-1"]
[WhiteElo "2325"]
[BlackElo "2585"]

1.d4 Nf6 2.Nf3 g6 3.c4 Bg7 4.Nc3 O-O 5.e4 d6 6.Be2 e5 7.O-O Na6 8.Be3 Qe8
9.Re1 Ng4 10.Bc1 f5 11.exf5 gxf5 12.dxe5 dxe5 13.h3 Nf6 14.c5 e4 15.Bxa6 bxa6
16.Nd4 Qe5 17.Nb3 Kh8 18.Be3 f4 19.Bd4 Qg5 20.Nxe4 Nxe4 21.Rxe4 Bb7 22.Qf3 Bxe4
23.Qxe4 f3 24.g3 Rad8 25.Re1 Bxd4 26.Nxd4 Qd5 27.Qxd5 Rxd5 28.Re4 Rxc5 29.Re3 Rc1+
30.Kh2 Rf1  0-1

[Event "EU-ch U20"]
[Site "Arnhem"]
[Date "1988.??.??"]
[Round "6"]
[White "Thorhallsson, Throstur"]
[Black "Comas Fabrego, Luis"]
[Result "0-1"]
[WhiteElo "2410"]
[BlackElo "2325"]

1.d4 Nf6 2.c4 g6 3.Nc3 Bg7 4.e4 d6 5.Nf3 O-O 6.Be2 e5 7.O-O exd4 8.Nxd4 Re8
9.f3 c6 10.Kh1 Nbd7 11.Nc2 Nb6 12.Bg5 h6 13.Bh4 Be6 14.Ne3 g5 15.Bf2 d5 16.cxd5 cxd5
17.Nf5 Bxf5 18.exf5 Nc4 19.Bxc4 dxc4 20.Qa4 Qc8 21.Rad1 a6 22.Rd6 b5 23.Qc2 Re5
24.g4 Qb7 25.Bd4 Nxg4 26.Rb6 Qd7 27.Bxe5 Nxe5 28.Qe4 Rd8 29.f6 Qh3 30.Kg1 Nd7
31.Rd1 Bf8 32.Rc6 Nxf6 33.Qe2 Re8 34.Qg2 Qf5 35.Rxa6 b4 36.Rxf6 Qxf6 37.Ne4 Qb6+
38.Kh1 Rd8 39.Rg1 Bg7 40.Qc2 c3 41.bxc3 bxc3 42.f4 f5 43.fxg5 fxe4 44.gxh6 Qxh6
45.Qxc3 Kh8 46.Qc7 Qf6 47.Qg3 Qf3+ 48.Qxf3 exf3 49.Rf1 Rf8 50.h3 Bd4 51.a4 f2
52.Kg2 Rg8+  0-1

[Event "NOR-ch"]
[Site "Asker"]
[Date "1988.??.??"]
[Round "5"]
[White "Elseth, Roar"]
[Black "Djurhuus, Rune"]
[Result "1/2-1/2"]
[WhiteElo "2300"]
[BlackElo "2305"]

1.Nf3 Nf6 2.c4 g6 3.Nc3 Bg7 4.e4 d6 5.d4 O-O 6.Be2 Nbd7 7.O-O e5 8.Re1 c6
9.Be3 a5 10.b3 Ng4 11.Bg5 f6 12.Bc1 f5 13.Bg5 Bf6 14.Bxf6 Qxf6 15.exf5 gxf5
16.h3 e4 17.hxg4 exf3 18.Bxf3 fxg4 19.Ne4 Qf7 20.Bxg4 d5 21.cxd5 cxd5 22.Bh5 Qf5
23.Bg4 Qf7 24.Bh5 Qf5 25.Bg4 Qf7  1/2-1/2

[Event "NOR-ch"]
[Site "Asker"]
[Date "1988.??.??"]
[Round "9"]
[White "Ostenstad, Berge"]
[Black "Djurhuus, Rune"]
[Result "1-0"]
[WhiteElo "2405"]
[BlackElo "2305"]

1.d4 Nf6 2.c4 g6 3.Nc3 Bg7 4.e4 d6 5.Nf3 O-O 6.Be2 Nbd7 7.O-O e5 8.Qc2 c6
9.Rd1 Qe7 10.d5 c5 11.a3 Kh8 12.Rb1 Ng8 13.Bd3 Bh6 14.Nd2 Ndf6 15.b4 b6 16.Be2 Nd7
17.Bb2 f5 18.Nb3 Ndf6 19.Bf3 fxe4 20.Nxe4 Nxe4 21.Bxe4 Nf6 22.bxc5 Nxe4 23.Qxe4 bxc5
24.Qe2 Bf5 25.Ra1 Rab8 26.Na5 Bg4 27.f3 Bd7 28.Bc3 Rb6 29.Rab1 Rfb8 30.Nc6 Bxc6
31.Rxb6 Rxb6 32.dxc6 Bg7 33.Qe4 Rb8 34.Ba5 Bf8 35.c7 Rc8 36.Qb7 Qe6 37.Rb1 Qf5
38.Qxc8 Qxb1+ 39.Kf2  1-0

[Event "Barcelona Vulca"]
[Site "Barcelona"]
[Date "1988.??.??"]
[Round "4"]
[White "Bellon Lopez, Juan Manuel"]
[Black "Bofill, Alejandro"]
[Result "1-0"]
[WhiteElo "2445"]
[BlackElo "2410"]

1.d4 Nf6 2.c4 g6 3.Nc3 d6 4.e4 Bg7 5.Nf3 O-O 6.Be2 Nbd7 7.O-O e5 8.Qc2 c6
9.Be3 Ng4 10.Bg5 f6 11.Bd2 Qe7 12.h3 Nh6 13.b4 Nf7 14.dxe5 fxe5 15.Rad1 Nf6
16.Ng5 Nd8 17.Be3 h6 18.Nf3 Ne6 19.c5 Ne8 20.cxd6 Nxd6 21.Rd2 Nf7 22.Qb3 Kh7
23.Rfd1 Qf6 24.Bc4 Nf4 25.Bxf4 exf4 26.Ne2 b5 27.Bxf7 Qxf7 28.Qxf7 Rxf7 29.Rd8 Bb7
30.R8d7 Raf8 31.Nxf4 Rxd7 32.Rxd7 Bc8 33.Rc7 Rxf4 34.Rxc8 Rxe4 35.Rxc6 Rxb4
36.Ra6 Rb2 37.Rxa7 Kg8 38.Ra6 Kf7 39.g4 Re2 40.Kf1 Rb2 41.Kg2 Bf6 42.h4 b4
43.g5 hxg5 44.hxg5 Bc3 45.Nh2 Bd2 46.Nf3 Bc3 47.Kg3 Rb1 48.Kf4 Rf1 49.Ke3 Ra1
50.Nd4 Re1+ 51.Ne2 Bg7 52.Ra7+ Kg8 53.Rb7 Bf8 54.Kf3 Ra1 55.Nf4 Rxa2 56.Nd5 Bg7
57.Ne7+ Kh7 58.Rxb4 Bc3 59.Rb7 Be1 60.Nd5+ Kh8 61.Nf6 Rxf2+ 62.Ke4 Rh2 63.Ke5 Bd2
64.Rb8+ Kg7 65.Ne8+ Kf7 66.Nd6+ Ke7 67.Rb7+ Kd8 68.Kf6 Re2 69.Nf7+ Kc8 70.Nd6+ Kd8
71.Nf7+ Kc8 72.Ra7 Kb8 73.Rd7 Kc8 74.Rd5 Kc7 75.Kxg6 Rf2 76.Rc5+ Kb6 77.Rc2 Kb5
78.Nd6+  1-0